000 00378nam a2200145Ia 4500
008 210719s1903 xx 000 0 und d
041 _aeng
082 _a821.912 LONE
100 _aLONGFELLOW (Henry Wadsworth)
245 _aEvangeline: a tale of Acadie.
260 _aLondon
_bMacmillan & Co. Ltd.
_c1903
300 _axlv,92
_bHB
365 _cRs
650 _aEnglish Poetry
999 _c214060
_d214060